Flugzeugflotten Teil 1-Austrian Airlines - Statistiken

Allgemein
  • Dieses Quiz wurde 168 mal gespielt
    69 seit der letzten Aktualisierung
  • Das Durchschnittsergebnis liegt bei 5 aus 8
Antwortstatistiken
Anzahl Flugzeugtyp % Korrekt
29 Airbus A320-200
86%
5 Airbus A320neo
84%
3 Airbus A321-200
73%
6 Boeing 777-200ER
66%
2 Boeing 787-9
57%
3 Airbus A321-100
52%
3 Boeing 767-300ER
52%
17 Embraer 195
41%
Keine übereinstimmenden Quizze gefunden
Verteilung der Resultate
Anzahl Personen mit jedem Resultat
Perzentil nach korrekt beantworteten Fragen
Ihre Resultats-Entwicklung
Sie haben dieses Quiz seit der letzten Aktualisierung nicht gespielt